[Event "Senta-ch"]
[Site "Senta"]
[Date "2017.02.19"]
[Round "9"]
[White "Bicskei, Norbert"]
[Black "Mak, Janos"]
[Result "0-1"]
[WhiteElo "1783"]
[BlackElo "1797"]
[PlyCount "70"]
[EventDate "2017.01.20"]
[EventType "swiss"]
[EventRounds "9"]
[EventCountry "SRB"]
[SourceTitle "EXT 2018"]
[Source "ChessBase"]
[SourceDate "2017.10.13"]
[SourceVersion "1"]
[SourceVersionDate "2017.10.13"]
[SourceQuality "1"]

1. e4 e5 2. Nf3 Nc6 3. Bc4 Bc5 4. c3 Nf6 5. d4 exd4 6. cxd4 Bb4+ 7. Bd2 Bxd2+ 8. Nbxd2 d5 9. exd5 Nxd5 10. 0-0 0-0 11. h3 Nb6 12. Re1 Nxd4 13. Rc1 Nxf3+ 14. Nxf3 Qf6 15. Bb3 c6 16. Ne5 Bf5 17. Qf3 Be6 18. Bxe6 fxe6 19. Qxf6 gxf6 20. Nd3 e5 21. f4 exf4 22. Nxf4 Rf7 23. Re6 Kg7 24. Nh5+ Kg6 25. g4 Nd5 26. Rce1 Rd8 27. Re8 Rxe8 28. Rxe8 h6 29. Ng3 Nf4 30. h4 Rd7 31. Nf5 Nd3 32. Rg8+ Kh7 33. Rf8 Kg6 34. Rg8+ Kh7 35. h5 Kxg8 0-1

[Event "Senta-ch"]
[Site "Senta"]
[Date "2017.01.21"]
[Round "2"]
[White "Bicskei, Norbert"]
[Black "Farkas, Istvan"]
[Result "1-0"]
[WhiteElo "1783"]
[BlackElo "1578"]
[PlyCount "107"]
[EventDate "2017.01.20"]
[EventType "swiss"]
[EventRounds "9"]
[EventCountry "SRB"]
[SourceTitle "EXT 2018"]
[Source "ChessBase"]
[SourceDate "2017.10.13"]
[SourceVersion "1"]
[SourceVersionDate "2017.10.13"]
[SourceQuality "1"]

1. e4 c5 2. c3 Nc6 3. Bd3 e6 4. Bc2 Nf6 5. Nf3 a6 6. 0-0 Qc7 7. h3 d5 8. exd5 Nxd5 9. d4 cxd4 10. cxd4 Be7 11. Nbd2 0-0 12. Ne4 Ncb4 13. Bb3 Nf6 14. Qe2 Nxe4 15. Qxe4 Nc6 16. Re1 Bf6 17. Ng5 g6 18. Qh4 Bxg5 19. Bxg5 f5 20. d5 Nd8 21. Be7 Re8 22. d6 Qb6 23. Qf6 Bd7 24. Rxe6 Bxe6 25. Bxd8 Qxd6 26. Rd1 Qc6 27. Bxe6+ Rxe6 28. Qd4 Re8 29. Bg5 Qc7 30. Qd5+ Qf7 31. Qf3 Qxa2 32. Rd7 Qb1+ 33. Kh2 Qe4 34. Qb3+ Qe6 35. Qxb7 Qe5+ 36. f4 Rab8 37. fxe5 Rxb7 38. Rxb7 Rxe5 39. Ra7 Re6 40. Bh6 Rb6 41. Rg7+ Kh8 42. Rf7 Rb8 43. Rf8+ Rxf8 44. Bxf8 Kg8 45. Bh6 Kf7 46. Kg3 Kf6 47. Kf4 Ke6 48. h4 Kf6 49. Bg5+ Ke6 50. g3 Kd5 51. Bf6 Ke6 52. Bc3 Kf7 53. Kg5 Kg8 54. Kh6 1-0

[Event "Senta-ch"]
[Site "Senta"]
[Date "2017.01.20"]
[Round "1"]
[White "Vranic, Ljubomir"]
[Black "Bicskei, Norbert"]
[Result "1-0"]
[WhiteElo "2185"]
[BlackElo "1783"]
[PlyCount "75"]
[EventDate "2017.01.20"]
[EventType "swiss"]
[EventRounds "9"]
[EventCountry "SRB"]
[SourceTitle "EXT 2018"]
[Source "ChessBase"]
[SourceDate "2017.10.13"]
[SourceVersion "1"]
[SourceVersionDate "2017.10.13"]
[SourceQuality "1"]

1. d4 Nf6 2. c4 c5 3. d5 e6 4. Nc3 exd5 5. cxd5 d6 6. Nf3 g6 7. Nd2 Bg7 8. Nc4 0-0 9. Bf4 Ne8 10. Qd2 a6 11. a4 Qc7 12. Ne4 Be5 13. Nxe5 dxe5 14. Bh6 Ng7 15. h4 f5 16. Ng5 Rf6 17. e4 Qd6 18. Bc4 Nd7 19. Bxg7 Kxg7 20. Ne6+ Rxe6 21. dxe6 Qxd2+ 22. Kxd2 Nb6 23. Bd5 fxe4 24. e7 Bd7 25. Bxb7 Rb8 26. Bxa6 Nxa4 27. b3 Rxb3 28. Rhb1 Rb4 29. Rxb4 cxb4 30. Rb1 Nc5 31. Bc8 Kf7 32. Bxd7 Nxd7 33. Rxb4 Nf6 34. Rb7 h5 35. Ke3 Ke6 36. Ra7 Nd5+ 37. Kxe4 Nxe7 38. Ra6+ 1-0